000 00736nam a2200217Ia 4500
005 20230622090459.0
008 131103s9999 xx 000 0 und d
020 _a816605661
040 _aLoreto College
041 _aEnglish
082 _a940.55
_bBEC
245 4 _aThe Changing stucture of Europe
_b economic,social and political trends
_cRobert H.Beck ... [et. al.]; assisted by Jean Belden Taber
260 _aMinneapolis
_bUniversity Of Minnesota Press
_c1970
300 _aviii,286 p.
504 _aIncludes bibliographical references and index
650 _aEurope - Modern History - Europe - Economic Conditions
651 _aEurope - Social Conditions
700 _aBeck,Robert H.
850 _aLCLIB
942 _cBK
999 _c8839
_d59318